<?xml version="1.0" encoding="UTF-8"?>
<record
    xmlns:xsi="http://www.w3.org/2001/XMLSchema-instance"
    xsi:schemaLocation="http://www.loc.gov/MARC21/slim http://www.loc.gov/standards/marcxml/schema/MARC21slim.xsd"
    xmlns="http://www.loc.gov/MARC21/slim">

  <leader>01418nam a2200361Ia 4500</leader>
  <controlfield tag="005">20220317001901.0</controlfield>
  <controlfield tag="007">ta</controlfield>
  <controlfield tag="008">210812r2010    mx d   er     000 0dspa d</controlfield>
  <datafield tag="020" ind1=" " ind2=" ">
    <subfield code="a">9786071605306</subfield>
  </datafield>
  <datafield tag="040" ind1=" " ind2=" ">
    <subfield code="a">CO-BoRNBP</subfield>
    <subfield code="b">spa</subfield>
    <subfield code="e">rda</subfield>
    <subfield code="c">CO-BoRNBP</subfield>
  </datafield>
  <datafield tag="041" ind1="0" ind2=" ">
    <subfield code="a">spa</subfield>
  </datafield>
  <datafield tag="082" ind1="0" ind2="4">
    <subfield code="a">410</subfield>
    <subfield code="b">J11f</subfield>
    <subfield code="2">22</subfield>
  </datafield>
  <datafield tag="100" ind1="1" ind2=" ">
    <subfield code="a">Jackendoff, Ray</subfield>
    <subfield code="e">autor</subfield>
  </datafield>
  <datafield tag="245" ind1="1" ind2="0">
    <subfield code="a">Fundamentos del lenguaje</subfield>
    <subfield code="b">mente, significado, gram&#xE1;tica y evoluci&#xF3;n</subfield>
    <subfield code="c">Ray Jackendoff ; traducci&#xF3;n Mar&#xED;a Sara Bola&#xF1;o Gonz&#xE1;lez ; revisi&#xF3;n t&#xE9;cnica de la traducci&#xF3;n Emma Jim&#xE9;nez y Gabriela Bayona</subfield>
  </datafield>
  <datafield tag="250" ind1=" " ind2=" ">
    <subfield code="a">Primera edici&#xF3;n</subfield>
  </datafield>
  <datafield tag="264" ind1=" " ind2="1">
    <subfield code="a">M&#xE9;xico</subfield>
    <subfield code="b">Fondo de Cultura Econ&#xF3;mica</subfield>
    <subfield code="c">2010</subfield>
  </datafield>
  <datafield tag="300" ind1=" " ind2=" ">
    <subfield code="a">635 p&#xE1;ginas</subfield>
    <subfield code="b">gr&#xE1;ficos </subfield>
    <subfield code="c">23 cm</subfield>
  </datafield>
  <datafield tag="336" ind1=" " ind2=" ">
    <subfield code="a">texto</subfield>
    <subfield code="b">txt</subfield>
    <subfield code="2">rdacontent</subfield>
  </datafield>
  <datafield tag="337" ind1=" " ind2=" ">
    <subfield code="a">sin mediaci&#xF3;n</subfield>
    <subfield code="b">n</subfield>
    <subfield code="2">rdamedia</subfield>
  </datafield>
  <datafield tag="338" ind1=" " ind2=" ">
    <subfield code="a">volumen</subfield>
    <subfield code="b">nc</subfield>
    <subfield code="2">rdacarrier</subfield>
  </datafield>
  <datafield tag="490" ind1=" " ind2=" ">
    <subfield code="a">Lengua y Estudios Literarios</subfield>
  </datafield>
  <datafield tag="500" ind1=" " ind2=" ">
    <subfield code="a">Incluye &#xED;ndice anal&#xED;tico</subfield>
  </datafield>
  <datafield tag="504" ind1=" " ind2=" ">
    <subfield code="a">Bibliograf&#xED;a: p&#xE1;ginas 569-612</subfield>
  </datafield>
  <datafield tag="521" ind1=" " ind2=" ">
    <subfield code="a">Recomendado para un p&#xFA;blico adulto </subfield>
  </datafield>
  <datafield tag="545" ind1=" " ind2=" ">
    <subfield code="a">Incluye datos biogr&#xE1;ficos del autor en la contracar&#xE1;tula</subfield>
  </datafield>
  <datafield tag="650" ind1="1" ind2="4">
    <subfield code="a">Comunicaci&#xF3;n</subfield>
    <subfield code="v">Investigaciones</subfield>
    <subfield code="2">LEMB</subfield>
  </datafield>
  <datafield tag="650" ind1="1" ind2="4">
    <subfield code="a">Ling&#xFC;&#xED;stica</subfield>
    <subfield code="v">Investigaciones</subfield>
    <subfield code="2">LEMB</subfield>
  </datafield>
  <datafield tag="650" ind1="1" ind2="4">
    <subfield code="a">Lenguaje y lenguas</subfield>
    <subfield code="v">Investigaciones</subfield>
    <subfield code="2">LEMB</subfield>
  </datafield>
  <datafield tag="700" ind1="1" ind2=" ">
    <subfield code="a">Bola&#xF1;o Gonz&#xE1;lez, Mar&#xED;a Sara</subfield>
    <subfield code="e">traductora</subfield>
    <subfield code="9">180697</subfield>
  </datafield>
  <datafield tag="700" ind1="1" ind2=" ">
    <subfield code="a">Jim&#xE9;nez, Emma</subfield>
    <subfield code="e">traductora</subfield>
    <subfield code="9">78347</subfield>
  </datafield>
  <datafield tag="700" ind1="1" ind2=" ">
    <subfield code="a">Bayona, Gabriela</subfield>
    <subfield code="e">traductora</subfield>
    <subfield code="9">180698</subfield>
  </datafield>
  <datafield tag="942" ind1=" " ind2=" ">
    <subfield code="2">ddc</subfield>
    <subfield code="c">BK</subfield>
  </datafield>
  <datafield tag="999" ind1=" " ind2=" ">
    <subfield code="c">8410</subfield>
    <subfield code="d">8410</subfield>
  </datafield>
  <datafield tag="952" ind1=" " ind2=" ">
    <subfield code="0">0</subfield>
    <subfield code="1">0</subfield>
    <subfield code="2">ddc</subfield>
    <subfield code="4">0</subfield>
    <subfield code="7">0</subfield>
    <subfield code="8">GEN</subfield>
    <subfield code="a">MECASARI</subfield>
    <subfield code="b">MECASARI</subfield>
    <subfield code="c">GEN</subfield>
    <subfield code="d">2024-11-10</subfield>
    <subfield code="l">0</subfield>
    <subfield code="o">410 - J11F</subfield>
    <subfield code="p">BM0001334</subfield>
    <subfield code="r">2024-11-10 14:41:15</subfield>
    <subfield code="t">Ej.1</subfield>
    <subfield code="w">2024-11-10</subfield>
    <subfield code="y">BK</subfield>
  </datafield>
  <datafield tag="952" ind1=" " ind2=" ">
    <subfield code="0">0</subfield>
    <subfield code="1">0</subfield>
    <subfield code="2">ddc</subfield>
    <subfield code="4">0</subfield>
    <subfield code="7">0</subfield>
    <subfield code="8">GEN</subfield>
    <subfield code="a">MEMAPJGA</subfield>
    <subfield code="b">MEMAPJGA</subfield>
    <subfield code="c">GEN</subfield>
    <subfield code="d">2025-08-14</subfield>
    <subfield code="l">0</subfield>
    <subfield code="o">410 J11f</subfield>
    <subfield code="p">MPJG00526</subfield>
    <subfield code="r">2025-08-14 22:26:04</subfield>
    <subfield code="t">Ej.1</subfield>
    <subfield code="w">2025-08-14</subfield>
    <subfield code="y">BK</subfield>
  </datafield>
</record>
